| 000 | 00640nam a2200181 a 4500 | ||
|---|---|---|---|
| 001 | 000035800 | ||
| 005 | 20200930074625.0 | ||
| 008 | 111114s1978 mx 000 0 spa d | ||
| 040 |
_aDO-SdBNP _bspa _cBNPHU |
||
| 245 | 1 | 0 |
_aPatriarcado capitalista y feminismo socialista / _ccompilado Zillah Ruth Eisenstein; traducción Sara Sefchovich ;. |
| 260 |
_aMéxico : _bSiglo Veintiuno, _c1978. |
||
| 300 |
_a313 p. ; _c23 cm. |
||
| 490 | 1 | _aSociología y política | |
| 534 | _aCapitalist patriarchy and the case for socialist feminisn | ||
| 700 | 1 | 2 |
_aEisenstein, Zillah Tuth _961751 |
| 830 | 0 |
_aSociología y política _917789 |
|
| 049 | _aBNPD | ||
| 999 |
_c35291 _d35291 |
||